Secularism, religion and multicultural citizenship (Record no. 288440)

MARC details
000 -LEADER
fixed length control field 00831nam a2200253Ia 4500
008 - FIXED-LENGTH DATA ELEMENTS--GENERAL INFORMATION
fixed length control field 191130s2009##################000#0#eng##
020 ## - INTERNATIONAL STANDARD BOOK NUMBER
ISBN 9780521873604
082 ## - DEWEY DECIMAL CLASSIFICATION NUMBER
Classification number 322.1 LEV
245 ## - TITLE STATEMENT
Title Secularism, religion and multicultural citizenship
Statement of responsibility, etc [edited by] Geoffrey Brahm Levey and Tariq Modood ; foreword by Charles Taylor
260 ## - PUBLICATION, DISTRIBUTION, ETC. (IMPRINT)
Place of publication Cambridge
Name of publisher Cambridge University Press
Year of publication c2009
300 ## - PHYSICAL DESCRIPTION
Number of Pages xxiv, 274 p. ; 24 cm
500 ## - GENERAL NOTE
General note Includes bibliographical references (p. 243-266) and index
650 ## - SUBJECT ADDED ENTRY--TOPICAL TERM
Topical Term Islam - Relations
Topical Term Multiculturalism
Topical Term Religious pluralism
Topical Term Secularism
700 ## - ADDED ENTRY--PERSONAL NAME
Personal name Levey, Geoffrey Brahm
Personal name Modood, Tariq
991 ## -
-- 387836
Holdings
Withdrawn status Lost status Damaged status Not for loan Home library Current library Shelving location Date acquired Full call number Accession Number Price effective from Koha item type
        Anna Centenary Library Anna Centenary Library 3RD FLOOR, B WING 15.10.2020 322.1 LEV 240691 15.10.2020 English Books

Find us on the map